01216nam a2200301Ia 4500001001200000003000800012006001900020007001500039008004100054020001800095020001800113040002100131035002100152050002500173100001800198245010800216260009200324300001900416504006400435533015200499650003000651650002800681650001600709655002900725710001700754856012600771999001700897ebr10288758CaPaEBRm u cr cn|||||||||090612s2009 enka sb 001 0 eng d z9781841502564 z9781841503004 aCaPaEBRcCaPaEBR a(OCoLC)64681025614aPN56.C69bF73 2009eb1 aFrancis, Pat.10aInspiring writing in art and designh[electronic resource] :btaking a line for a write /cPat Francis. aBristol, UK. ;aChicago, Ill. :bIntellect Books :bUniversity of Chicago Press,c2009. a294 p. :bill. aIncludes bibliographical references (p. 279-286) and index. aElectronic reproduction.bPalo Alto, Calif. :cebrary,d2009.nAvailable via World Wide Web.nAccess may be limited to ebrary affiliated libraries. 0aCreativity in literature. 0aAuthorshipxPhilosophy. 0aLiterature. 7aElectronic books.2local2 aebrary, Inc.40uhttp://site.ebrary.com/lib/rucke/Doc?id=10288758zAn electronic book accessible through the World Wide Web; click to view c15574d15574